000 00595nam a22001937a 4500
999 _c7530
_d7530
003 OSt
005 20211124164219.0
008 211124b ||||| |||| 00| 0 eng d
020 _a9780071263436
040 _cDDC
082 _a381 DWY 2009
100 _aDwyer, F. Robert;, John F. Tanner
_915413
245 _aBusiness Marketing :
_bConnecting Strategy, Relationships, and Learning
260 _aBoston:
_bMcGraw-Hill Irwin;
_cc2009
300 _axxv, 678 p. :
_b ill. ;
_c27 cm
504 _aIncludes bibliographical references and index
650 _aMarketing.
_9518
942 _2ddc
_cBOOK